Stati che confinano con l'Etiopia - Statistics

Statistiche generali
  • Questo quiz è stato fatto 16 volte
  • Il punteggio medio è 5 su 6
Statistiche sulle risposte
Superficie (km²) Popolazione (ab.) Lunghezza confine (km) Stato % Corretto
121 320 3 546 000 1 033 Eritrea
100%
582 650 54 727 751 867 Kenya
93%
637 657 12 388 249 1 600 Somalia
93%
1 844 797 41 682 000 744 Sudan
93%
23 000 973 560 390 Gibuti
86%
619 745 10 748 278 1 299 Sudan del Sud
79%
Nessun quiz corrispondente trovato
Distribuzione punteggi
Percentuale di utenti per punteggio
Percentile per numero di risposta
I tuoi punteggi nel tempo
Non hai fatto questo quiz